| 000 | 05809nam a22005177a 4500 | ||
|---|---|---|---|
| 005 | 20090724103027.0 | ||
| 008 | 090225t xxu||||| |||| 00| 0 eng d | ||
| 010 | _aB-341507-529 | ||
| 020 |
_a97881901527272 _c350.00 |
||
| 035 | _aB-341507-529 | ||
| 037 | _bNewyork Book Company | ||
| 040 |
_adpl _bEnglish |
||
| 082 | _a181.46 | ||
| 100 | _aRolland, Romain | ||
| 245 |
_aVivekananda: _cby Romain Rolland; edited by S.P. Paramhansa _bthe great spiritual saint; whose time is now / |
||
| 260 |
_aDelhi _bNewyork Book Company _c2009 |
||
| 270 |
_aPlot No. B-71 (D.D.A. Colony), New Zafarabad Ext. Shahdara, _bDelhi _e110032 |
||
| 300 |
_a240p. _c22cm. (Hb) |
||
| 490 | _aStrength is life; weakness is death | ||
| 700 | _aParamhansa, S.P. | ||
| 942 |
_2ddc _cEN _mROL _h181.46 |
||
| 999 |
_c24341 _d24341 |
||